<?xml version='1.0' encoding='UTF-8'?>
  <record xmlns="http://www.loc.gov/MARC21/slim">
    <leader>00000cam a2200000 i 4500</leader>
    <controlfield tag="001">on1024184332</controlfield>
    <controlfield tag="003">OCoLC</controlfield>
    <controlfield tag="005">20250624160425.6</controlfield>
    <controlfield tag="008">180225s1942    ne       m    000 0 dut d</controlfield>
    <datafield tag="040" ind1=" " ind2=" ">
      <subfield code="a">NLGGC</subfield>
      <subfield code="b">dut</subfield>
      <subfield code="e">fobidrtb</subfield>
      <subfield code="c">NLGGC</subfield>
      <subfield code="d">OCLCO</subfield>
      <subfield code="d">QGJ</subfield>
      <subfield code="d">OCLCF</subfield>
      <subfield code="d">OCLCA</subfield>
      <subfield code="d">NLVRD</subfield>
      <subfield code="d">OCL</subfield>
      <subfield code="d">OCLCO</subfield>
      <subfield code="d">OCLCL</subfield>
      <subfield code="d">OCLCQ</subfield>
      <subfield code="d">OCLCL</subfield>
    </datafield>
    <datafield tag="019" ind1=" " ind2=" ">
      <subfield code="a">974057519</subfield>
    </datafield>
    <datafield tag="029" ind1="0" ind2=" ">
      <subfield code="a">NLGGC</subfield>
      <subfield code="b">04104892X</subfield>
    </datafield>
    <datafield tag="035" ind1=" " ind2=" ">
      <subfield code="a">(OCoLC)1024184332</subfield>
      <subfield code="z">(OCoLC)974057519</subfield>
    </datafield>
    <datafield tag="041" ind1="0" ind2=" ">
      <subfield code="a">dut</subfield>
    </datafield>
    <datafield tag="050" ind1=" " ind2="0">
      <subfield code="a">DH3</subfield>
      <subfield code="b">.U8 vol. 21</subfield>
    </datafield>
    <datafield tag="082" ind1="0" ind2=" ">
      <subfield code="a">949.201</subfield>
      <subfield code="1">https://id.oclc.org/worldcat/ddc/E3vybTvKqp6QGJjP7RJ79xbtGY</subfield>
    </datafield>
    <datafield tag="084" ind1=" " ind2=" ">
      <subfield code="a">15.70</subfield>
      <subfield code="2">bcl</subfield>
    </datafield>
    <datafield tag="100" ind1="1" ind2=" ">
      <subfield code="a">Jongkees, A.G.</subfield>
      <subfield code="q">(Adriaan Gerard),</subfield>
      <subfield code="d">1909-1999.</subfield>
      <subfield code="1">https://id.oclc.org/worldcat/entity/E39PCjFvKdhY9Wdyr3BB9jftqP</subfield>
    </datafield>
    <datafield tag="245" ind1="1" ind2="0">
      <subfield code="a">Staat en Kerk in Holland en Zeeland onder de Bourgondische hertogen, 1425-1477 /</subfield>
      <subfield code="c">Adriaan Gerard Jongkees.</subfield>
    </datafield>
    <datafield tag="260" ind1=" " ind2=" ">
      <subfield code="a">Groningen [etc.] :</subfield>
      <subfield code="b">Wolters,</subfield>
      <subfield code="c">1942.</subfield>
    </datafield>
    <datafield tag="300" ind1=" " ind2=" ">
      <subfield code="a">XII, 359 p. :</subfield>
      <subfield code="b">ill. ;</subfield>
      <subfield code="c">25 cm.</subfield>
    </datafield>
    <datafield tag="336" ind1=" " ind2=" ">
      <subfield code="a">tekst</subfield>
      <subfield code="b">txt</subfield>
      <subfield code="2">rdacontent/dut</subfield>
    </datafield>
    <datafield tag="337" ind1=" " ind2=" ">
      <subfield code="a">zonder medium</subfield>
      <subfield code="b">n</subfield>
      <subfield code="2">rdamedia/dut</subfield>
    </datafield>
    <datafield tag="338" ind1=" " ind2=" ">
      <subfield code="a">band</subfield>
      <subfield code="b">nc</subfield>
      <subfield code="2">rdacarrier/dut</subfield>
    </datafield>
    <datafield tag="502" ind1=" " ind2=" ">
      <subfield code="a">Proefschrift Utrecht.</subfield>
    </datafield>
    <datafield tag="530" ind1=" " ind2=" ">
      <subfield code="a">Titel wordt gedigitaliseerd voor de Koninklijke Bibliotheek in het kader van Metamorfoze.</subfield>
    </datafield>
    <datafield tag="650" ind1=" " ind2="0">
      <subfield code="a">Church and state</subfield>
      <subfield code="z">Netherlands.</subfield>
    </datafield>
    <datafield tag="651" ind1=" " ind2="0">
      <subfield code="a">Netherlands</subfield>
      <subfield code="x">History</subfield>
      <subfield code="y">House of Burgundy, 1384-1477.</subfield>
    </datafield>
    <datafield tag="650" ind1=" " ind2="6">
      <subfield code="a">Église et État</subfield>
      <subfield code="z">Pays-Bas.</subfield>
    </datafield>
    <datafield tag="651" ind1=" " ind2="6">
      <subfield code="a">Pays-Bas</subfield>
      <subfield code="x">Histoire</subfield>
      <subfield code="y">1384-1477 (Maison de Bourgogne)</subfield>
    </datafield>
    <datafield tag="650" ind1=" " ind2="7">
      <subfield code="a">Church and state.</subfield>
      <subfield code="2">fast</subfield>
      <subfield code="0">(OCoLC)fst00860509</subfield>
    </datafield>
    <datafield tag="651" ind1=" " ind2="7">
      <subfield code="a">Netherlands.</subfield>
      <subfield code="2">fast</subfield>
      <subfield code="0">(OCoLC)fst01204034</subfield>
      <subfield code="1">https://id.oclc.org/worldcat/entity/E39PBJk4D96j3YTHJQfHCV3vpP</subfield>
    </datafield>
    <datafield tag="648" ind1=" " ind2="7">
      <subfield code="a">1384-1477</subfield>
      <subfield code="2">fast</subfield>
    </datafield>
    <datafield tag="650" ind1="1" ind2="7">
      <subfield code="a">Kerk en staat.</subfield>
      <subfield code="2">gtt</subfield>
      <subfield code="0">(NL-LeOCL)078557461</subfield>
    </datafield>
    <datafield tag="651" ind1=" " ind2="7">
      <subfield code="a">Holland.</subfield>
      <subfield code="2">gtt</subfield>
      <subfield code="0">(NL-LeOCL)078535999</subfield>
    </datafield>
    <datafield tag="651" ind1=" " ind2="7">
      <subfield code="a">Zeeland (provincie)</subfield>
      <subfield code="2">gtt</subfield>
      <subfield code="0">(NL-LeOCL)090812301</subfield>
    </datafield>
    <datafield tag="650" ind1=" " ind2="7">
      <subfield code="a">State and Church relations.</subfield>
      <subfield code="2">pplt</subfield>
    </datafield>
    <datafield tag="650" ind1=" " ind2="7">
      <subfield code="a">Middle Ages.</subfield>
      <subfield code="2">pplt</subfield>
    </datafield>
    <datafield tag="655" ind1=" " ind2="7">
      <subfield code="a">History.</subfield>
      <subfield code="2">fast</subfield>
      <subfield code="0">(OCoLC)fst01411628</subfield>
    </datafield>
    <datafield tag="655" ind1=" " ind2="7">
      <subfield code="a">Proefschriften (vorm)</subfield>
      <subfield code="2">gtt</subfield>
      <subfield code="0">(NL-LeOCL)088144445</subfield>
    </datafield>
    <datafield tag="787" ind1="0" ind2="8">
      <subfield code="i">Ook verschenen als:</subfield>
      <subfield code="t">Bijdragen van het Instituut voor Middeleeuwsche geschiedenis der Rijksuniversiteit te Utrecht ; 21</subfield>
    </datafield>
    <datafield tag="830" ind1=" " ind2="0">
      <subfield code="a">Bijdragen van het Instituut voor Middeleeuwsche Geschiedenis der Rijksuniversiteit te Utrecht ;</subfield>
      <subfield code="v">21.</subfield>
    </datafield>
  </record>